000 00558nam a2200217Ia 4500
003 OSt
005 20230602113809.0
008 210423s2011 xx 000 0 und d
020 _a978-81-910321-5-4
040 _cAL
041 _aeng
082 _a361.3 VAIU
100 _aVAISHNAV (Suman M)
_9118854
245 _aUse of social works in psychology
260 _aBhopal
_bK S Publication
_c2011
300 _aiii,439
_bHB
365 _b1695
_cINR
650 _aSocial Work
_9118855
906 _apsychology ; social ; Use ; works
942 _2ddc
_cBK
999 _c176503
_d176503